书目信息 |
| 题名: |
功能配位化合物及其应用探析
|
|
| 作者: | 高竹青 著 | |
| 分册: | ||
| 出版信息: | 北京 中国水利水电出版社 2015.6 |
|
| 页数: | 229页 | |
| 开本: | 24cm | |
| 丛书名: | ||
| 单 册: | ||
| 中图分类: | O742 | |
| 科图分类: | ||
| 主题词: | 络合物化学 | |
| 电子资源: | ||
| ISBN: | 978-7-5170-2580-1 | |
| 000 | 00829nam0 2200229 450 | |
| 001 | 0400009431 | |
| 005 | 20171120214022.0 | |
| 010 | @a978-7-5170-2580-1@dCNY45.00 | |
| 100 | @a20151101d2015 em y0chiy50 ea | |
| 101 | 0 | @achi |
| 102 | @aCN@b110000 | |
| 105 | @ay z 000yy | |
| 106 | @ar | |
| 200 | 1 | @a功能配位化合物及其应用探析@Agong neng pei wei hua he wu ji qi ying yong tan xi@f高竹青著 |
| 210 | @a北京@c中国水利水电出版社@d2015.6 | |
| 215 | @a229页@d24cm | |
| 330 | @a本书较为系统地分析讨论了功能配位化合物及其应用。全书共分6章,主要内容包括绪论、配合物的合成方法、金属有机配合物及其应用、高性能配合物及其应用、生命中的配合物及其应用、超分子配合物及其应用等。 | |
| 606 | 0 | @a络合物化学 |
| 690 | @aO742@v5 | |
| 701 | 0 | @a高竹青@Agao zhu qing@4著 |
| 801 | 0 | @aCN@b上海新华@c20171120 |
| 905 | @b1028842-6@dO742@e7@f5 | |
| 功能配位化合物及其应用探析/高竹青著.-北京:中国水利水电出版社,2015.6 |
| 229页;24cm |
| ISBN 978-7-5170-2580-1:CNY45.00 |
| 本书较为系统地分析讨论了功能配位化合物及其应用。全书共分6章,主要内容包括绪论、配合物的合成方法、金属有机配合物及其应用、高性能配合物及其应用、生命中的配合物及其应用、超分子配合物及其应用等。 |
| ● |
| 相关链接 |
|
|
|
|
正题名:功能配位化合物及其应用探析
索取号:O742/7
 
预约/预借
| 序号 | 登录号 | 条形码 | 馆藏地/架位号 | 状态 | 备注 |
| 1 | 1028842 | 210288428 | 第二样本阅览室/ [索取号:O742/7] | 在馆 | |
| 2 | 1028843 | 210288437 | 密集书库-化学系/ [索取号:O742/7] | 在馆 | |
| 3 | 1028844 | 210288446 | 第三借阅区/ [索取号:O742/7] | 在馆 | |
| 4 | 1028845 | 210288455 | 第三借阅区/ [索取号:O742/7] | 在馆 | |
| 5 | 1028846 | 210288464 | 第三借阅区/ [索取号:O742/7] | 在馆 |